00819nab a22002057a 4500999001500000003000400015005001700019008004100036040000700077100003400084245008200118260007200200300001100272500003700283505008900320650002600409650002600435773013900461942001300600 c6374d6374OSt20260131213525.0190605e xxu||||| |||| 00| 0 spa d cPJ 94112aEtala, Juan José (h.)10aReflexiones sobre el proyecto de reforma laboral -/cJuan José Etala (h.).  aCiudad Autónoma de Buenos Aires :bThomson Reuters La Ley,c2025. ap. 5-8 aCita: TR LALEY AR/DOC/81/2026.  t¿Te interesa el texto completo? Solicitalo al correo: koha@justierradelfuego.gov.ar 091316aDERECHO LABORAL 094193aPROYECTO DE LEY0 0271193168dCiudad Autónoma de Buenos Aires : Thomson Reuters La Ley, 1999-2002.tRevista de derecho del trabajo. Nº 1 - Enero 2026 2udccANA